Hind Arūpāʻī u da Sāmī zhabo wạyshạnah, (Record no. 67555)
[ view plain ]
| 000 -LEADER | |
|---|---|
| fixed length control field | 00897cam a22002291 4500 |
| 001 - CONTROL NUMBER | |
| control field | sa 66001019 |
| 003 - CONTROL NUMBER IDENTIFIER | |
| control field | DLC |
| 005 - DATE AND TIME OF LATEST TRANSACTION | |
| control field | 20260227112219.0 |
| 008 - FIXED-LENGTH DATA ELEMENTS--GENERAL INFORMATION | |
| fixed length control field | 960923s1959 pk c 000 0 pusr |
| 010 ## - LIBRARY OF CONGRESS CONTROL NUMBER | |
| LC control number | sa 66001019 |
| 025 ## - OVERSEAS ACQUISITION NUMBER | |
| Overseas acquisition number | PL480:P-Pushto-29 |
| 035 ## - SYSTEM CONTROL NUMBER | |
| System control number | (OCoLC)35618843 |
| 040 ## - CATALOGING SOURCE | |
| Original cataloging agency | DLC |
| Transcribing agency | CLU |
| Modifying agency | CLU |
| -- | DLC |
| 042 ## - AUTHENTICATION CODE | |
| Authentication code | premarc |
| 050 00 - LIBRARY OF CONGRESS CALL NUMBER | |
| Classification number | PJ91 |
| Item number | .K3 |
| 100 1# - MAIN ENTRY--PERSONAL NAME | |
| Personal name | Kaws̲ar, Ḥusayn Bakhsh. |
| 245 00 - TITLE STATEMENT | |
| Title | Hind Arūpāʻī u da Sāmī zhabo wạyshạnah, |
| Remainder of title | da zhabpūhanay u da jughrāfạy u da ishtigāgī tārīkh pah raṇā Kaṣhī. |
| Statement of responsibility, etc. | author: Kaws̲ar Ghoriyā Khel. |
| 246 14 - VARYING FORM OF TITLE | |
| Title proper/short title | Division of Indo European and Semetic [sic] languages, a sketch of philological geography and etymological history, by Kausar Ghoria Khail. |
| 260 ## - PUBLICATION, DISTRIBUTION, ETC. | |
| Place of publication, distribution, etc. | Peṣhawar, |
| Name of publisher, distributor, etc. | Niẓām-i Shṭeshanarī Mārṭ |
| Date of publication, distribution, etc. | [1959] |
| 300 ## - PHYSICAL DESCRIPTION | |
| Extent | 15, 152 p. |
| Other physical details | port. |
| Dimensions | 19 cm. |
| 650 #0 - SUBJECT ADDED ENTRY--TOPICAL TERM | |
| Topical term or geographic name entry element | Oriental languages |
| General subdivision | History. |
No items available.